Normal view
MARC view
- Sergey M. Smolskiy
Entry Corporate Name
001 - CONTROL NUMBER
- control field: 124879
003 - CONTROL NUMBER IDENTIFIER
- control field: NUST
005 - DATE AND TIME OF LATEST TRANSACTION
- control field: 20240730120657.0
008 - FIXED-LENGTH DATA ELEMENTS
- fixed length control field: 240730|| aca||aabn | a|a d
040 ## - CATALOGING SOURCE
- Original cataloging agency: NUST
- Transcribing agency: NUST
110 ## - HEADING--CORPORATE NAME
- Corporate name or jurisdiction name as entry element: Sergey M. Smolskiy
670 ## - SOURCE DATA FOUND
- Source citation: Work cat.: (NUST): Igor V. Komoprov 124878, Fundamentals of Short range FM Radar , 2003.
